000 00234 a2200097 4500
001 47355
100 _aMeyer, R
245 _aThe stars and stripes story of world war II
260 _aNew York
_bDavid mc kay
_c
090 _c30390
_d30390
942 _aNUST-CAE
_cM
_c22659
999 _c282428
_d282428